LEADER 00874nam a2200217 i 4500 001 000000155116 003 CaOOAMICUS 005 20061102000000.0 008 061102n it u000 u ita u 013 $a132465 040 $aSeMil$bita 245 10$aMilano R. Pinacoteca di Brera. 260 $aMilano :$bAlfieri e Lacroix,$c199[?] 300 $a36 p., [54] p. di tav. ;$c18 cm. 490 0 $aIl piccolo cicerone moderno ;$v1 500 $aIn mezzo al front : Le migliori opere descritte ed illustrate con quarantotto tavole. 830 3$aIl piccolo cicerone moderno ;$v1.$0(OLS)http://semarc/title/22149 850 $aSeMil 852 $aSeMil$W1$xVenegono$y1$m5N I 6$j106967$B106967$CSeMilBibl$Z2$F116249 $81 996 $6245$aMilano R. Pinacoteca di Brera$9(OLS)http://semarc/title/227150 996 $6260$aMilano :$bAlfieri e Lacroix$9(OLS)http://semarc/publisher/30860 LEADER 01297nam a2200229 4500 001 000000346001 003 CaOOAMICUS 005 20210520121340.0 008 210514s2014 it a 000 u ita r 040 $aSeMil$bita 100 1 $aColombo, Alberto,$d<1965- >.$0(OLS)http://semarc/name/108388 245 10$aPadre Adriano di sant'Antonio da Olgiate Olona :$bGiovanni Antonio de Dionigi (1595-1649), uno di noi, priore generale degli Agostiniani scalzi /$cAlberto Colombo. 264 1$aOlgiate Olona :$bPrepositurale antica collegiata santi Stefano e Lorenzo martiri,$c2014. 300 $a72 p. :$bill. ;$c30 cm 600 04$aGiovanni Antonio : de Dionigi .$0(OLS)http://semarc/subject/50400 650 4$aOlgiate Olona.$0(OLS)http://semarc/subject/5426 850 $aSeMil 852 $aSeMil$W1$xVenegono$y1$m3P V 522$j226359$B237042$CSeMilBibl$Z2$F237042 $81 961 $aMagni don Walter - Omaggio 996 $6245$aPadre Adriano di sant'Antonio da Olgiate Olona :$bGiovanni Antonio de Dionigi (1595-1649), uno di noi, priore generale degli Agostiniani scalzi$9(OLS)http://semarc/title/435192 996 $6264$aOlgiate Olona :$bPrepositurale antica collegiata santi Stefano e Lorenzo martiri$9(OLS)http://semarc/publisher/59801